000 00284nam a2200109Ia 4500
005 20251222140105.0
008 251222s1900||||xx |||||||||||||| ||spa||
082 _a144.3/J19
100 _a"James, William"
245 0 _aPragmatismo: Nombre nuevo de antiguos modos de pensar
942 _cLIB
999 _c4097
_d4097